Normal view
MARC view
Entry Personal Name
001 - CONTROL NUMBER
- control field: 561994
003 - CONTROL NUMBER IDENTIFIER
- control field: OSt
005 - DATE AND TIME OF LATEST TRANSACTION
- control field: 20220930193130.0
008 - FIXED-LENGTH DATA ELEMENTS
- fixed length control field: 220930|| aca||aabn | a|a d
040 ## - CATALOGING SOURCE
- Original cataloging agency: OSt
- Transcribing agency: OSt
100 ## - HEADING--PERSONAL NAME
- Personal name: Mittra Rupa
670 ## - SOURCE DATA FOUND
- Source citation: Work cat.: (OSt)896110: Mittra Rupa, Some aspects of the development anatomy of Callitris glauca R.Br., 1973
